000 02122cam a22001935a 4500
001 L155760
008 120416s1762 xxk f 000 0 eng d
035 _a(Sirsi) u155760
041 0 _aeng
100 1 _aChippendale, Thomas
_d1718-1779
245 0 4 _aThe gentleman and cabinet-maker's director
_bbeing a large collection of the most elegant and useful designs of household furniture, in the most fashionable taste. Including a great Variety of Chairs, Sofas, Beds, and Couches; China-Tables, Dressing-Tables, Shaving-Tables, Bason-Stands, and Teakettle-Stands; Frames for Marble-Slabs, Bureau-Dressing-Tables, and Commodes; Writing-Tables, and Library-Tables; Library-Book-Cases, Organ-Cases for private Rooms, or Churches, Desks, and Book-Cases; Dressing and Writing-Tables with Book-Cases, Toilets, Cabinets, and Cloaths-Presses; China-Cases, China-Shelves, and Book-Shelves; Candle-Stands, Terms for Busts, Stands for China Jars, and Pedestals; Cisterns for Water, Lanthorns, and Chandeliers; Fire-Screens, Brackets, and Clock-Cases; Pier-Glasses, and Table-Frames; Girandoles, Chimney-Pieces, and Picture-Frames; Stove-Grates, Boarders, Frets, Chinese-Railing, and Brass-Work, for Furniture. And Other Ornaments. To which is Prefixed. A Short Explanation of the Five Orders of Architecture; with Proper Directions for executing the most difficult Pieces, the Mouldings being exhibited at large, and the Dimensions of each Design specified. The Whole comprehended in Two Hundred Copper-Plates, neatly engraved. Calculated to improve and refine the present Taste, and suited to the Fancy and Circumstances of Persons in all Degrees of Life. By Thomas Chippendale, Cabinet-Maker and Upholsterer, in St. Martin's Lane, London.
250 _aThe third edition
260 _aLondon
_bprinted for the author, and sold at his House, in St. Martin's Lane; also by T. Becket and P.A. de Hondt, in the Strand
_cMDCCLXII. [1762]
300 _a[6], 20 p., CC plates
_c2o
583 0 _aCondition reviewed
_c20120620
_lcondition level 2
651 4 _aGreat Britain
_y1707-
690 _aConservation and restoration
942 _n0
999 _c113799
_d113799